Earthshine : (Record no. 3168)

MARC details
000 -LEADER
fixed length control field 01084cam a2200349 a 4500
001 - CONTROL NUMBER
control field 3168
003 - CONTROL NUMBER IDENTIFIER
control field FISKH
005 - DATE AND TIME OF LATEST TRANSACTION
control field 20240215104515.0
008 - FIXED-LENGTH DATA ELEMENTS--GENERAL INFORMATION
fixed length control field 940301s1994 nyu j 000 1 eng
010 ## - LIBRARY OF CONGRESS CONTROL NUMBER
LC control number 94008793
020 ## - INTERNATIONAL STANDARD BOOK NUMBER
International Standard Book Number 0531068676
020 ## - INTERNATIONAL STANDARD BOOK NUMBER
International Standard Book Number 0531087174 (lib. bdg.)
020 ## - INTERNATIONAL STANDARD BOOK NUMBER
International Standard Book Number 071009004504
040 ## - CATALOGING SOURCE
Original cataloging agency DLC
Transcribing agency DLC
Modifying agency DLC
Language of cataloging eng
042 ## - AUTHENTICATION CODE
Authentication code lcac
050 00 - LIBRARY OF CONGRESS CALL NUMBER
Classification number PZ7.N4377
Item number Ear 1994
082 00 - DEWEY DECIMAL CLASSIFICATION NUMBER
Classification number [Fic]
Edition number 20
100 1# - MAIN ENTRY--PERSONAL NAME
Personal name Nelson, Theresa,
Dates associated with a name 1948-
245 10 - TITLE STATEMENT
Title Earthshine :
Remainder of title a novel /
Statement of responsibility, etc. by Theresa Nelson.
250 ## - EDITION STATEMENT
Edition statement This edition published April 1996
260 ## - PUBLICATION, DISTRIBUTION, ETC.
Place of publication, distribution, etc. New York :
Name of publisher, distributor, etc. Laurel Leaf Books,
Date of publication, distribution, etc. 1994
300 ## - PHYSICAL DESCRIPTION
Extent 182 pages ;
Dimensions 20 cm.
500 ## - GENERAL NOTE
General note "A Richard Jackson book"--verso t.p.
505 ## - FORMATTED CONTENTS NOTE
Formatted contents note Z<br/>
520 ## - SUMMARY, ETC.
Summary, etc. Slim watches over her father, a disarmingly charismatic man, as his struggle with AIDS reaches its climax.
521 8# - TARGET AUDIENCE NOTE
Target audience note 900<br/>
Source Lexile<br/>
521 8# - TARGET AUDIENCE NOTE
Target audience note Z<br/>
Source Raz-Plus<br/>
650 #1 - SUBJECT ADDED ENTRY--TOPICAL TERM
Topical term or geographic name entry element AIDS (Disease)
General subdivision Fiction.
650 #1 - SUBJECT ADDED ENTRY--TOPICAL TERM
Topical term or geographic name entry element Fathers and daughters
General subdivision Fiction.
906 ## - LOCAL DATA ELEMENT F, LDF (RLIN)
a 7
b cbc
c orignew
d 1
e ocip
f 19
g y-gencatlg
942 ## - ADDED ENTRY ELEMENTS (KOHA)
Source of classification or shelving scheme Dewey Decimal Classification
Koha item type Books
Suppress in OPAC No
Holdings
Withdrawn status Lost status Source of classification or shelving scheme Damaged status Not for loan Collection Home library Current library Shelving location Date acquired Total Checkouts Full call number Barcode Date last seen Price effective from Koha item type
    Dewey Decimal Classification     Juvenile Fiction Footprints International School Library Network Toul Kork Campus Footprints International School Library Network Toul Kork Campus   02/15/2024   NEL Fic PZ7.N4377 2024-0082 02/15/2024 02/15/2024 Books